000 00533nam a2200253Ia 4500
001 066180
003 YMCAF
005 20230512160345.0
008 100717s9999 ||||||||||||||||| ||und|d
020 _a-
024 _a66180
035 _a5643
040 _aYMCAF
_beng
_cIN-KoLT
041 _aeng
082 _a658.312
_b4 LES
100 _aLesser, R H
245 0 _aDevelopment of Personality vol-I
250 _a-
260 _bIndian Association
_c-
300 _a138
653 _a-
653 _a-
942 _2ddc
_cBK
999 _c3921
_d3921